000 00638nam a2200253Ia 4500
999 _c10724
_d10724
003 0100
005 20180228155246.0
008 130303s9999 xx 000 0 und d
020 _a810822245
040 _cARRUPELIB
050 _aDT791.M67 1989
100 _aMorton, Fred
_939877
245 _aHistorical dictionary of Botswana /
250 _aNew
260 _aMetuchen
_bThe Scarecrow Press
_c1989
300 _axx
300 _b 216 p. map 22 cm
440 _aAfrican historical dictionaries , no.44
_939878
650 _aBotswana
_xHistory
_xDictionaries
_939879
700 _aMurray, Andrew and Ramsay, Jeff
_939880
942 _2lcc
_cMONOGRAPH